• 首页
  • 本馆介绍
  • 公告通知
  • 最新文献
  • 馆藏检索
  • 电子资源
  • 读者导购
  • 参考咨询
  • 我的图书馆
  • 登录
  • 详细信息显示
  • 放入我的书架
  • 预约/预借图书
  • 作者相关作品
  • 分类相关作品
  • 丛书相关作品
  • 出版社相关作品

书目信息

  • 表格格式
  • 工作单格式
  • 卡片格式
题名:
逻辑代数初步与电子计算机简介
    
 
作者: 张文贵 著
分册:  
出版信息: 北京   人民教育出版社  1983
页数: 119页
开本: 19cm
丛书名:
单 册:
中图分类: TP301 , O142 , O153.2
科图分类:
主题词: 布尔代数--基础知识 , 数理逻辑 , 数学基础 , 电子计算机--基础理论
电子资源:
ISBN:
000 00775nam0 2200289 45
001 0183012396
005 20060808090324.75
010    @dCNY0.39
091    @a7012.0675
100    @a19950523d1983 em y0chiy0121 ea
101 0  @achi
102    @aCN@b110000
105    @ay z 000yy
200 10 @a逻辑代数初步与电子计算机简介@Aluo ji dai shu chu bu yu dian zi ji suan ji jian jie@f张文贵著
210    @a北京@c人民教育出版社@d1983
215    @a119页@d19cm
606    @a布尔代数@x基础知识
606 0  @a数理逻辑
606 0  @a数学基础
606    @a电子计算机@x基础理论
690    @aTP301@v3
690    @aO142
690    @aO153.2@v3
701  0 @a张文贵@Azhang wen gui@4著
801  2 @aCN@bNLC@c20060808
801  0 @aCN@b上海图书馆@c20040512
905    @dO142@e22
    
    逻辑代数初步与电子计算机简介/张文贵著.-北京:人民教育出版社,1983
    119页;19cm
    
    
    ISBN :CNY0.39
    
●
相关链接 在E读中查询图书 在五车中查询图书 在当当中查询图书 在豆瓣中查询图书


正题名:逻辑代数初步与电子计算机简介     索取号:O142/22         预约/预借

序号 登录号 条形码 馆藏地/架位号 状态 备注
1 0106845   000409187   第三借阅区/ [索取号:O142/22] 在馆    
2 0106846   000409169   第三借阅区/ [索取号:O142/22] 在馆    
3 0106847   000409178   第二样本阅览室/ [索取号:O142/22] 在馆    
4 0449746   204497464   密集书库/ [索取号:O142/22] 在馆    
唐山师范学院图书馆 欢迎您!
大连网信软件有限公司© 版权所有